| 000 | 00726nam a22002177a 4500 | ||
|---|---|---|---|
| 999 |
_c22993 _d22993 |
||
| 003 | AR-CdUCM | ||
| 008 | 240816b20242024 pe||||| |||| 00| 0 spa d | ||
| 020 | _a978-612-49606-0-4 | ||
| 040 |
_aMUNICIPALIDAD PROVINCIAL DEL CUSCO _cBIBLIOTECA MUNICIPAL DEL CUSCO |
||
| 082 |
_aEP / 869.59 / B74A _bB74A |
||
| 100 |
_aBorios, Stéphanie. _950209 |
||
| 245 | _aEl árbol de Yeniret / | ||
| 260 |
_aLima : _bDe Lirio Ediciones, _c2024 |
||
| 300 |
_a49 páginas. : _bIlustraciones a color, _c24 cm. |
||
| 650 |
_aLiteratura infantil _9588 |
||
| 650 |
_aRazonamiento vebal _950210 |
||
| 700 |
_aBlouin, Cécile _950211 |
||
| 700 |
_aAguilar Rúa, Víctor. [Ilustrador] _950212 |
||
| 942 |
_2ddc _cLIBROS |
||
| 945 |
_apbj _d2024-08-16 |
||